| 000 | 01235nam a2200313 4500 | ||
|---|---|---|---|
| 005 | 20240530110343.0 | ||
| 008 | 141120s2008 le o g 000 0bara d | ||
| 017 |
_a19975/2008 _2مصر . دار الكتب المصرية |
||
| 020 | _a977437908 | ||
| 040 | _aEG-CaGPL | ||
| 082 | 0 | 4 |
_221 _a709.01\ _bو ر |
| 100 | 1 | _aوى ، فرانسيس | |
| 245 | 1 |
_aروما : _bاثارها و لوحاتها القديمة / _cتاليف وى ، فرانسيس ؛ ترجمة ابراهيم سلامة ابراهيم |
|
| 250 | _aط 1 | ||
| 260 |
_aالقاهرة : _bالمركز القومى للترجمة ، _c2008 |
||
| 300 |
_a473 ص : _bايض ؛ _c24 سم |
||
| 650 | 0 | 4 | _aالفن الرومانى |
| 650 | 0 | 4 | _aالاثار الرومانية |
| 650 | 0 | 4 | _aالعمارة الرومانية |
| 650 | 0 | 4 | _aالحضارة الرومانية |
| 650 | 0 | 4 | _aالاثار |
| 650 | 0 | 4 |
_aالاثار الرومانية _xكنائس |
| 650 | 0 | 4 | _aالفن الاغريقى |
| 650 | 0 | 4 | _aالحضارة الاغريقية |
| 650 | 0 | 4 | _aالعمارة الاغريقية |
| 700 | 0 |
_aابراهيم سلامة ابراهيم _eمترجم |
|
| 942 |
_2ddc _cBK |
||
| 999 |
_c59912 _d59912 |
||